Score 0/20 Timer 04:00
1 Play Today
Episode Missing Word % Correct
The One Where Joey Speaks ______French
83.2%
The One with ______ StephanopoulosGeorge
83.1%
The One with Barry and Mindy's ______Wedding
82%
The One with the Chick and the ______Duck
79.4%
The One with the Ultimate ______ ChampionFighting
74.4%
The One Where They're Going to ______!Party
62.5%
The One with Joey's Big ______Break
61%
The One with Chandler in a ______Box
59.3%
The One with the Holiday ______Armadillo
58.1%
The One with the East ______ Laundry DetergentGerman
50.4%
Episode Missing Word % Correct
The One with Ross's New ______Girlfriend
50.1%
The One with Chandler's Work ______Laugh
48.4%
The One Where Phoebe Hates ______PBS
46.6%
The One Where the ______ Gets AwayMonkey
44.4%
The One with the ______ LasagnasDozen
40.7%
The One with the Evil ______Orthodontist
32.9%
The One with the ______ Wedding DressCheap
29.7%
The One with the ______ PartnersNap
26.4%
The One with the Engagement ______Picture
23.8%
The One with the ______ ServiceMemorial
15.8%

Today's Daily Dose

Remove Ads.
Support Sporcle.
Get the best of Sporcle when you Go Orange. This ad-free experience offers more features, more stats, and more fun while also helping to support Sporcle. Thank you for becoming a member.

You're not logged in!

Compare scores with friends on all Sporcle quizzes.
OR
Log In

Show Comments

Extras

Top Quizzes Today


Score Distribution

Your Account Isn't Verified!

In order to create a playlist on Sporcle, you need to verify the email address you used during registration. Go to your Sporcle Settings to finish the process.

Report this User

Report this user for behavior that violates our Community Guidelines.

Details: